Equity based compensation plans : an introduction (Record no. 185263)
[ view plain ]
| 000 -LEADER | |
|---|---|
| fixed length control field | 00473nam a2200169Ia 4500 |
| 005 - DATE AND TIME OF LATEST TRANSACTION | |
| control field | 20250415173526.0 |
| 008 - FIXED-LENGTH DATA ELEMENTS--GENERAL INFORMATION | |
| fixed length control field | 231217s9999 xx 000 0 und d |
| 020 ## - INTERNATIONAL STANDARD BOOK NUMBER | |
| International Standard Book Number | 9788131401156 |
| 082 ## - DEWEY DECIMAL CLASSIFICATION NUMBER | |
| Classification number | 331.216 GIN;1 R |
| 100 ## - MAIN ENTRY--PERSONAL NAME | |
| Personal name | Gindodiya, Prapti ed. |
| 245 #0 - TITLE STATEMENT | |
| Title | Equity based compensation plans : an introduction |
| 250 ## - EDITION STATEMENT | |
| Edition statement | 1st ed. |
| 260 ## - PUBLICATION, DISTRIBUTION, ETC. (IMPRINT) | |
| Date of publication, distribution, etc. | 2006 |
| Name of publisher, distributor, etc. | Icfai University press |
| Place of publication, distribution, etc. | Hyderabad |
| 300 ## - PHYSICAL DESCRIPTION | |
| Extent | vii, 212 |
| 650 ## - SUBJECT ADDED ENTRY--TOPICAL TERM | |
| Topical term or geographic name as entry element | Equity,compensation,plans |
| 942 ## - ADDED ENTRY ELEMENTS (KOHA) | |
| Koha item type | Books |
| Date last seen | Total Checkouts | Full call number | Accession number | Old discount | Uniform Resource Identifier | Cost, replacement price | Price effective from | Category | Lost status | Damaged status | Department | Withdrawn status | bill no. | bill date | Permanent Location | Current Location | Shelving location | Entry date | Vendor | Cost, normal purchase price | Grants | Currency symbol | Conversion rate | Discount | Discount type | Public note |
|---|---|---|---|---|---|---|---|---|---|---|---|---|---|---|---|---|---|---|---|---|---|---|---|---|---|---|
| 26/01/2024 | 331.216 GIN;1 R | 58811 | 20 | digital/contents/58811.pdf | 300.00 | 26/01/2024 | Books | Central Library | 218/Icfai/09-10/BLR | 21/07/2014 | Central Library | Central Library | Central Library | 19/03/2010 | IUCP | 375.00 | MBA | RS | 1 | 75 | Rupees | |||||
| 26/01/2024 | 331.216 GIN;2 | 64476 | digital/contents/58811.pdf | 38.00 | 26/01/2024 | Books | Central Library | 1993 | 25/02/2014 | Central Library | Central Library | Central Library | 26/03/2010 | IUCP | 38.00 | MBA | RS | 1 | Rupees | |||||||
| 26/01/2024 | 331.216 GIN;3 | 64477 | digital/contents/58811.pdf | 38.00 | 26/01/2024 | Books | Central Library | 1993 | 25/02/2014 | Central Library | Central Library | Central Library | 26/03/2010 | IUCP | 38.00 | MBA | RS | 1 | Rupees | |||||||
| 26/01/2024 | 331.216 GIN;4 | 65360 | digital/contents/58811.pdf | 38.00 | 26/01/2024 | Books | Central Library | 1993 | 25/02/2014 | Central Library | Central Library | Central Library | 08/09/2010 | IUCP | 38.00 | MBA | RS | 1 | Rupees | 65360 | ||||||
| 26/01/2024 | 331.216 GIN;5 | 65361 | digital/contents/58811.pdf | 38.00 | 26/01/2024 | Books | Central Library | 1993 | 25/02/2014 | Central Library | Central Library | Central Library | 08/09/2010 | IUCP | 38.00 | MBA | RS | 1 | Rupees | 65361 |
